000 00565nam a2200169 a 4500
008 080918s1995 ||||||||||||||||| || u
020 _a0582234220
050 _aTH 7703 Pri
100 _aPritchard, David C
245 1 0 _aLighting. -- 5th ed
_cDavid C. Pritchard
250 _a5th ed.
260 _aHarlow
_bLongman
_c1995
300 _avi, 217p. : ill.
350 _a0.00
650 _aLIGHTING
995 _D0.00
_FCBU-MAIN LIBRARY (Kitwe)
_H1
_I0.00
_M1
_UOUT
_WSep 18, 2008
_ZMain Library Open Access Collection
999 _c49276
_d49276